Loading...
| Fine Arts - Classical Music | 6 | 11.67 | 3,483% | 100% | 450% |
| Fine Arts - Other | 5 | 6.00 | 0% | 80% | 340% |
| Fine Arts - Painting & Sculpture | 1 | 10.00 | 6,400% | 0% | 0% |
| History - American | 2 | 5.00 | 0% | 0% | 400% |
| History - European | 5 | 8.00 | 2,600% | 160% | 160% |
| History - Other | 7 | 12.86 | 743% | 386% | 386% |
| History - World | 4 | 5.00 | 2,025% | 200% | 0% |
| Literature - American | 3 | 3.33 | 0% | 300% | 0% |
| Literature - British | 5 | 12.00 | 3,880% | 120% | 300% |
| Literature - European | 3 | 10.00 | 2,700% | 533% | 0% |
| Literature - World | 4 | 7.50 | 5,650% | 0% | 0% |
| Mythology | 2 | 5.00 | 0% | 450% | 0% |
| Other | 2 | 15.00 | 4,050% | 350% | 450% |
| Philosophy | 3 | 3.33 | 0% | 0% | 300% |
| Religion | 3 | 6.67 | 1,633% | 300% | 0% |
| Science - Biology | 4 | 12.50 | 4,050% | 0% | 650% |
| Science - Chemistry | 1 | 20.00 | 0% | 700% | 700% |
| Science - Other | 1 | 10.00 | 0% | 0% | 900% |
| Science - Physics | 3 | 10.00 | 3,767% | 0% | 267% |
| Social Science | 4 | 10.00 | 900% | 200% | 375% |